| 000 -LEADER |
| fixed length control field |
00838nam a2200253Ia 4500 |
| 040 ## - CATALOGING SOURCE |
| Transcribing agency |
DJB |
| 082 ## - DEWEY DECIMAL CLASSIFICATION NUMBER |
| Classification number |
338 USA 1989 C140 Or. |
| 245 00 - TITLE STATEMENT |
| Title |
Agricultural policy analysis : |
| Remainder of title |
a manual for A.I.D. agricultural and rural development officers / |
| 260 ## - PUBLICATION, DISTRIBUTION, ETC. (IMPRINT) |
| Place of publication |
Washington, D.C. : |
| Name of publisher |
U.S. Agency for International Development, |
| Year of publication |
1989 |
| 300 ## - PHYSICAL DESCRIPTION |
| Number of Pages |
ix, 43, [48] p. ; |
| Dimensions |
28 cm |
| 490 1# - SERIES STATEMENT |
| Series statement |
A.I.D. evaluation special study |
| 500 ## - GENERAL NOTE |
| General note |
"February 1989." |
| 500 ## - GENERAL NOTE |
| General note |
"PN-AAX-215"--Cover |
| 650 #0 - SUBJECT ADDED ENTRY--TOPICAL TERM |
| Topical Term |
Agriculture and state |
| 650 #0 - SUBJECT ADDED ENTRY--TOPICAL TERM |
| Topical Term |
Agriculture |
| 650 #0 - SUBJECT ADDED ENTRY--TOPICAL TERM |
| Topical Term |
Agricultural assistance |
| 650 #0 - SUBJECT ADDED ENTRY--TOPICAL TERM |
| Topical Term |
Agricultural development projects |
| 650 #0 - SUBJECT ADDED ENTRY--TOPICAL TERM |
| Topical Term |
Agricultural extension workers |
| 710 20 - ADDED ENTRY--CORPORATE NAME |
| Corporate name or jurisdiction name as entry element |
Abt Associates |
| 710 20 - ADDED ENTRY--CORPORATE NAME |
| Corporate name or jurisdiction name as entry element |
Robert R. Nathan Associates |
| 710 20 - ADDED ENTRY--CORPORATE NAME |
| Corporate name or jurisdiction name as entry element |
Abel, Daft, & Earley |
| 710 10 - ADDED ENTRY--CORPORATE NAME |
| Corporate name or jurisdiction name as entry element |
United States. |
| 942 ## - ADDED ENTRY ELEMENTS (KOHA) |
| Koha item type |
ADB |
| 952 ## - LOCATION AND ITEM INFORMATION (KOHA) |
| Withdrawn status [LOCAL, KOHA] |
0 |